2026 Brasileirão Série A - Statistics

General Stats
  • This quiz has been taken 526 times
  • The average score is 16 of 20
Answer Stats
Teams % Correct
Flamengo
98%
Palmeiras
94%
São Paulo
91%
Santos
90%
Corinthians
89%
Fluminense
87%
Atlético Mineiro
86%
Vasco da Gama
85%
Botafogo
84%
Grêmio
81%
Cruzeiro
79%
Internacional
79%
Athletico Paranaense
75%
Bahia
75%
Mirassol
75%
Remo
73%
Vitória
68%
Chapecoense
66%
Coritiba
64%
Red Bull Bragantino
57%
No matching quizzes found
Score Distribution
Percent of People with Each Score
Percentile by Number Answered
Your Score History
You have not taken this quiz